LEADER 01047nam a2200241 i 4500 001 000000130945 003 CaOOAMICUS 005 20160513000000.0 008 160513s2016 it u000 u ita u 013 $a103784 020 $a978-88-8123-945-0 040 $aSeMil$bita 245 10$aConta su di noi :$bazione Cattolica dono per laici e presbiteri /$cAzione Cattolica delle Diocesi Lombarde. 260 $aMilano :$bIn Dialogo,$c2016. 300 $a39 p. ;$c19 cm. 650 4$aAzione Cattolica - Pastorale.$0(OLS)http://semarc/subject/25816 700 1 $aAzione Cattolica delle Diocesi Lombarde.$0(OLS)http://semarc/name/54133 850 $aSeMil 852 $aSeMil$W1$xVenegono$y1$m5D VIII 11/38$j84949$B84949$CSeMilBibl$Z2$F89239 $81 961 $aOmaggio: Conti don Ermenegildo 996 $6020$a978-88-8123-945-0$9(OLS)http://semarc/number/117862 996 $6245$aConta su di noi :$bazione Cattolica dono per laici e presbiteri$9(OLS)http://semarc/title/192758 996 $6260$aMilano :$bIn Dialogo$9(OLS)http://semarc/publisher/31663 LEADER 01343nam a2200313 4500 001 000000333357 003 CaOOAMICUS 005 20250926121819.0 008 190415s2003 it a 000 u mul r 020 $a88-04-52969-5 040 $aSeMil$bita 100 0 $aInnocentius III,$c.$0(OLS)http://semarc/name/26064 240 10$aDe contemptu mundi sive de miseria humanae conditionis.$0(OLS)http://semarc/title/455892 245 13$aLa miseria della condizione umana /$cLotario Di Segni. 264 1$aMilano :$bSilvio Berlusconi Editore,$c2003. 300 $aLXVI, 331 p., [1] carta di tav. :$bill. ;$c22 cm 490 1 $aBiblioteca dell'Utopia ;$v13 830 0$aBiblioteca dell'Utopia ;$v13.$0(OLS)http://semarc/title/40498 850 $aSeMil 852 $aSeMil$W1$xVenegono$y1$m2C VII 330$j213566$B225499$CSeMilBibl$Z2$F225499 $81 900 1 $aLotario : di Segni,$d<1160-1216>. 900 0 $aInnocenzo III$c. 961 $aBrambilla don Paolo - Omaggio 996 $6020$a88-04-52969-5$9(OLS)http://semarc/number/287140 996 $6245$aLa miseria della condizione umana$9(OLS)http://semarc/title/422813 996 $6264$aMilano :$bSilvio Berlusconi Editore$9(OLS)http://semarc/publisher/38219